Countries with more than a 100 thousand Jehovah's Witnesses - Statistics

General Stats
  • This quiz has been taken 1,143 times
    910 since last reset
  • The average score is 18 of 26
Answer Stats
Quantity Country % Correct
1 233 609 United States
100%
142 073 United Kingdom
97%
120 388 Canada
96%
907 121 Brazil
94%
138 133 France
94%
174 907 Germany
94%
864 738 Mexico
94%
122 061 Spain
92%
153 751 Argentina
89%
250 193 Italy
88%
186 712 Colombia
86%
133 366 Peru
82%
116 307 Poland
78%
100 331 South africa
75%
134 096 Venezuela
75%
214 457 Japan
70%
400 375 Nigeria
66%
100 195 Ecuador
57%
106 161 South korea
56%
109 375 Ukraine
52%
257 672 Democratic republic of congo
50%
253 876 Philippines
48%
153 657 Ghana
37%
169 960 Angola
35%
239 427 Zambia
21%
109 108 Malawi
10%
No matching quizzes found
Score Distribution
Percent of People with Each Score
Percentile by Number Answered
Your Score History
You have not taken this quiz since the last reset